00000000nam 2200000zi 4500
0019.936994
003CaOODSP
00520241128113431
006m     o  d f      
007cr mn|||||||||
008240417t20242024onc     o    f000 0 eng d
020 |a9780660714370
040 |aCaOODSP|beng|erda|cCaOODSP
0410 |aeng|beng|bfre
043 |an-cn-on
0861 |aFs97-13/1395E-PDF
1001 |aGibson, Mandy P., |eauthor.
24510|a2023 Unionid Monitoring and Biodiversity Observation (UMBO) Network assessment in the Maitland River watershed, Ontario / |cby Mandy P. Gibson, Kelly A. McNichols-O’Rourke, and Todd J. Morris.
264 1|aBurlington, ON : |bFisheries and Oceans Canada, Great Lakes Laboratory for Fisheries and Aquatic Sciences, |c2024.
264 4|c©2024
300 |a1 online resource (vii, 36 pages) : |bcharts, illustrations, maps.
336 |atext|btxt|2rdacontent
337 |acomputer|bc|2rdamedia
338 |aonline resource|bcr|2rdacarrier
4901 |aCanadian data report of fisheries and aquatic sciences, |x1488-5395 ; |v1395
504 |aIncludes bibliographical references (pages 7-10).
520 |a"Unionid freshwater mussels are ecologically valuable in aquatic ecosystems and also one of the most globally imperiled taxa. Managed by Fisheries and Oceans Canada, the Unionid Monitoring and Biodiversity Observation (UMBO) Network collects and analyzes long-term monitoring data for freshwater mussel species at risk (SAR) across southwestern Ontario. The Maitland River watershed was first sampled as part of UMBO in 2008 because of the presence of two Special Concern species: Cambarunio iris (Rainbow) and Lampsilis fasciola (Wavyrayed Lampmussel). The second survey (first monitoring event) occurred in 2023 and is outlined in this report"--Abstract, page vi.
546 |aIncludes abstracts in English and French.
650 0|aUnionidae|xMonitoring|zOntario|zMaitland River Watershed.
650 6|aUnionidés|xSurveillance|zOntario|zMaitland, Bassin de la.
7101 |aCanada. |bDepartment of Fisheries and Oceans, |eissuing body.
830#0|aCanadian data report of fisheries and aquatic sciences ;|v1395.|w(CaOODSP)9.505124
85640|qPDF|s2.07 MB|uhttps://publications.gc.ca/collections/collection_2024/mpo-dfo/Fs97-13-1395-eng.pdf